Handbook of non-formal education and team building exercises for integrated pest management
This handbook is collection of no formal methods and approaches, team building exercises, energizers and icebreakers and evaluation exercises that facilitators like us can use and adapt.
Saved in:
| Format: | Book |
|---|---|
| Language: | Undetermined |
| Published: |
[Philippines]
SEAMEO SEARCCA
1999
|
| Subjects: | |
| Tags: |
Add Tag
No Tags, Be the first to tag this record!
|
| Institutions: | Trung tâm Học liệu Trường Đại học Cần Thơ |
|---|
| LEADER | 00837nam a2200193Ia 4500 | ||
|---|---|---|---|
| 001 | CTU_138485 | ||
| 008 | 210402s9999 xx 000 0 und d | ||
| 082 | |a 632 | ||
| 082 | |b H236 | ||
| 245 | 0 | |a Handbook of non-formal education and team building exercises for integrated pest management | |
| 245 | 0 | |c Compiled and edited by Damaso P. Callo, Jr., Wilma R. Cuaterno, Harriet A. Tauli | |
| 260 | |a [Philippines] | ||
| 260 | |b SEAMEO SEARCCA | ||
| 260 | |c 1999 | ||
| 520 | |a This handbook is collection of no formal methods and approaches, team building exercises, energizers and icebreakers and evaluation exercises that facilitators like us can use and adapt. | ||
| 650 | |a Agriculture,Nông nghiệp | ||
| 650 | |x Research,Nghiên cứu | ||
| 904 | |i Trọng Hiếu | ||
| 980 | |a Trung tâm Học liệu Trường Đại học Cần Thơ | ||